000 00491cam a2200157 4500500
005 20251012023521.0
041 _afre
042 _adc
100 1 0 _aKirchner, Claude
_eauthor
700 1 0 _a Perrin, Jérôme
_eauthor
245 0 0 _aPour un numérique fraternel
260 _c2021.
500 _a18
786 0 _nRevue Quart Monde | 259 | 3 | 2021-08-01 | p. 28-32 | 0980-7764
856 4 1 _uhttps://shs.cairn.info/revue-revue-quart-monde-2021-3-page-28?lang=fr&redirect-ssocas=7080
999 _c1542660
_d1542660